| 000 | 00000nam##2200000za#4500 |
| 001 | 9.590645 |
| 003 | CaOODSP |
| 005 | 20211213093223 |
| 007 | cr ||||||||||| |
| 008 | 150406|2015||||xxc|||||o f|0| 0 eng|d |
| 040 | |aCaOODSP|beng |
| 041 | |aeng |
| 041 | |afre |
| 043 | |an-cn--- |
| 086 | 1 |aXB412-660/1-PDF |
| 110 | 1 |aCanada. |bParliament. |bHouse of Commons. |
| 245 | 13|aAn Act to amend the Financial Administration Act (balanced budget and public debt repayment) / |h[electronic resource]|cMr. Rathgeber. |
| 246 | 1 |iShort title : |aBalanced Budget and Debt Repayment Act |
| 260 | |aOttawa - Ontario : |bHouse of Commons |cFirst Reading, March 25, 2015. |
| 300 | |a7p. |
| 490 | 1 |aBill C-...|vC-660, 2nd session, 41st Parliament |
| 590 | |a15-13|b2015-03-27 |
| 792 | |tLoi modifiant la Loi sur la gestion des finances publiques (équilibre budgétaire et remboursement de la dette publique) / |efre|w(CaOODSP)9.590646 |
| 830 | #0|aBill C-...|vC-660, 2nd session, 41st Parliament|w(CaOODSP)9.500659 |
| 856 | 40|ahttp://publications.gc.ca|qPDF|s75 KB|uhttps://publications.gc.ca/collections/collection_2015/parl/XB412-660-1.pdf|yC-660, 2nd session, 41st Parliament |